117th Congress- Senators - Statistics

General Stats
  • This quiz has been taken 277 times
  • The average score is 64 of 100
Answer Stats
State Party Senator % Correct
New Jersey Democrat Cory Booker
89%
Massachusetts Democrat Elizabeth Warren
89%
Tennesee Republican Marsha Blackburn
89%
Texas Republican Ted Cruz
89%
Vermont Independent Bernie Sanders
84%
New York Democrat Chuck Schumer
84%
Arizona Democrat Kyrsten Sinema
84%
South Carolina Republican Lindsey Graham
84%
Florida Republican Marco Rubio
84%
Kentucky Republican Mitch McConnell
84%
Texas Republican John Cornyn
79%
Louisiana Republican John Kennedy
79%
Georgia Democrat Jon Ossoff
79%
Idaho Republican Mike Crapo
79%
Kentucky Republican Rand Paul
79%
Georgia Democrat Raphael Warnock
79%
Florida Republican Rick Scott
79%
Wisconsin Republican Ron Johnson
79%
Ohio Democrat Sherrod Brown
79%
Maine Republican Susan Collins
79%
Virginia Democrat Tim Kaine
79%
South Carolina Republican Tim Scott
79%
Arkansas Republican Tom Cotton
79%
Alabama Republican Tommy Tuberville
79%
Minnesota Democrat Amy Klobuchar
74%
Maine Independent Angus King
74%
Iowa Republican Chuck Grassley
74%
Mississippi Republican Cindy Hyde-Smith
74%
West Virginia Democrat Joe Manchin
74%
Colorado Democrat John Hickenlooper
74%
Colorado Democrat Michael Bennet
74%
Utah Republican Mike Lee
74%
Utah Republican Mitt Romney
74%
North Carolina Republican Richard Burr
74%
Illinois Democrat Tammy Duckworth
74%
California Democrat Alex Padilla
68%
Nevada Democrat Catherine Cortez Masto
68%
Alaska Republican Dan Sullivan
68%
California Democrat Diane Feinstein
68%
Massachusetts Democrat Edward Markey
68%
Michigan Democrat Gary Peters
68%
Arkansas Republican John Boozman
68%
Iowa Republican Joni Ernst
68%
Alaska Republican Lisa Murkowski
68%
Missouri Republican Roy Blunt
68%
West Virginia Republican Shelly Capito
68%
North Carolina Republican Thom Tillis
68%
Nebraska Republican Ben Sasse
63%
Louisiana Republican Bill Cassidy
63%
New Hampshire Democrat Jeanne Shaheen
63%
Oregon Democrat Jeff Merkley
63%
Missouri Republican Josh Hawley
63%
New Hampshire Democrat Maggie Hassan
63%
Vermont Democrat Patrick Leahy
63%
Pennsylvania Republican Pat Toomey
63%
Washington Democrat Patty Murray
63%
Connecticut Democrat Richard Blumenthal
63%
Alabama Republican Richard Shelby
63%
Wisconsin Democrat Tammy Baldwin
63%
Minnesota Democrat Tina Smith
63%
Pennsylvania Democrat Bob Casey
58%
Deleware Democrat Chris Coons
58%
Connecticut Democrat Chris Murphy
58%
Wyoming Republican Cynthia Lummis
58%
Illinois Democrat Dick Durbin
58%
Oklahoma Republican James Lankford
58%
Idaho Republican James Risch
58%
Wyoming Republican John Barrasso
58%
South Dakota Republican John Thune
58%
Montana Democrat Jon Tester
58%
Arizona Democrat Mark Kelley
58%
Hawaii Democrat Mazie Hirono
58%
New Jersey Democrat Robert Menendez
58%
Rhode Island Democrat Sheldon Whitehouse
58%
Hawaii Democrat Brian Schatz
53%
Kansas Republican Jerry Moran
53%
Indiana Republican Make Braun
53%
Washington Democrat Maria Cantwell
53%
Virginia Democrat Mark Warner
53%
Ohio Republican Rob Portman
53%
Indiana Republican Todd Young
53%
New Mexico Democrat Ben Rey Lujan
47%
Maryland Democrat Chris Van Hollen
47%
Nebraska Republican Deb Fischer
47%
Nevada Democrat Jacklyn Rosen
47%
Oklahoma Republican Jim Inhofe
47%
Rhode Island Democrat John Reed
47%
North Dakota Republican Kevin Cramer
47%
Kansas Republican Roger Marshall
47%
Delaware Democrat Thomas Carper
47%
Maryland Democrat Ben Cardin
42%
Mississippi Republican Roger Wicker
42%
Oregon Democrat Ron Wyden
42%
Montana Republican Steve Daines
42%
Tennesee Republican Bill Hagerty
37%
North Dakota Republican John Hoeven
37%
New Mexico Democrat Martin Heinrich
37%
South Dakota Republican Mike Rounds
37%
New York Democrat Kirsten Gillebrand
21%
Michigan Democrat Debbie Stabnow
0%
No matching quizzes found
Score Distribution
Percent of People with Each Score
Percentile by Number Answered
Your Score History
You have not taken this quiz